| 000 | 00648aas a2200205 4500 | ||
|---|---|---|---|
| 999 |
_c49879 _d49879 |
||
| 001 | 768714001 | ||
| 003 | CO-MdFUSB | ||
| 005 | 20171019143624.0 | ||
| 008 | 171019s1998 xxu||||| |||| 00| 0 eng d | ||
| 022 | _a0277-9935 | ||
| 040 |
_aCO-MdFUSB _bspa _cCO-MdFUSB _dCO-MdFUSB |
||
| 041 | _aeng | ||
| 100 | 1 |
_aCochran, Ross _eautor |
|
| 242 | _aTodo está en tu mente | ||
| 245 | 1 | 0 |
_aIt's all in your mind _c/ Riss Cochran |
| 300 |
_aVolumen 2. Número 2 (1998), páginas 77-89 _c: 23 cm. |
||
| 546 | _aTexto en inglés | ||
| 773 | 0 |
_tChristian education journal _049475 _960882 _gVolumen 2. Número 2 (1998), páginas 77-89 _qPágina 77 |
|
| 942 | _cANA | ||